00502nam a22001457a 450000500170000001000140001702000230003103500130005403700130006708200100008024501480009026000420023827000540028030000220033420100811104948.0 aENG-99522 a819028214Xc150.00 aEN-83054 bDBAD/PUB a808.9 aExplorations of excellence :barticles on the works of J. Bapu Reddy /cedited by I. V. Chalapathi Rao, S. S. Prabhakar Rao [and] I. Satyashree aHyderabadbJubilee Publicationsc2007 aPlot 10, Road 5, Jubilee HillsbHyderabade500033 a146p.c21cm (pbk)